[Event "RUS-ch Rapid Men 2018"]
[Site "Sochi"]
[Date "2018.10.06"]
[Round "6"]
[White "Yashmetov, Mikhail"]
[Black "Ponkratov, Pavel"]
[Result "0-1"]
[WhiteElo "2394"]
[BlackElo "2628"]
[Annotator "TA"]
[PlyCount "80"]
[EventDate "2018.10.05"]
[EventType "swiss"]
[EventCountry "RUS"]
[SourceTitle "playchess.com"]
[Source "ChessBase"]
[SourceQuality "1"]

{[%evp 9,80,8,51,23,39,26,27,28,62,35,53,0,72,79,77,26,43,6,6,6,6,11,11,11,12,12,5,17,26,19,10,37,25,0,110,0,0,0,129,136,142,110,117,110,97,105,148,160,140,126,185,0,0,-328,-319,-1853,-1155,-5406,-291,-291,-291,-291,-284,-418,-418,-496,-495,-539,-544,-679,-683,-658,-660]} 1. Nf3 c5 2. g3 Nc6 3. d4 cxd4 4. Nxd4 Qa5+ (4... g6 5. Bg2 Bg7 6. Nb3 Nf6 7. c4 O-O 8. O-O b6 9. Nc3 Bb7 10. c5 Rc8 11. e4 Ba8 12. cxb6 axb6 13. f4 d6 14. Be3 Nd7 15. Qe2 Nc5 16. Rfd1 {0-1 (51) Maghsoodloo,P (2584)-Tregubov,P (2585) Doha 2016}) 5. Bd2 Qh5 $146 ({Predecessor:} 5... Qb6 6. Nb3 Nf6 7. Bg2 d5 8. O-O Bf5 9. a4 Qd8 10. Bc3 e6 11. Nd4 Bg6 12. Nd2 {½-½ (46) Lamb,H (2170)-Schlawin,M (2228) Recklinghausen 2002}) 6. Nxc6 {A04: Unusual lines after 1 Nf3 and King's Indian Attack} bxc6 7. Bg2 Ba6 8. Nc3 {White has an edge.} Rb8 9. O-O Nf6 10. h3 (10. Bf3 $14 Qf5 11. e4) 10... g6 (10... e5 $11 {keeps the balance.}) 11. Bf4 $16 Rb7 12. g4 (12. Qd4 $16) 12... Qa5 $11 13. a3 Rxb2 14. Qd4 Bg7 $1 $132 {[%mdl 2048] aiming for ...Nh5. Black has counterplay} 15. Nd5 $1 {[%cal Rd5c7]} Rb7 16. Nxe7 $1 Kxe7 17. Bd6+ Kd8 18. Be5 Re8 19. Bxf6+ Bxf6 20. Qxf6+ Re7 21. Bxc6 Rc7 (21... Qb6 $1 $11 22. Rfd1 Rc7 23. Qh8+ Re8 24. Qf6+ Re7 25. Qh8+ Re8 26. Qf6+ Re7) 22. Qh8+ Re8 23. Qf6+ Re7 $1 24. Bf3 $1 Qb6 25. Qh8+ Re8 26. Qxh7 Qf6 {[#] Threatens to win with ...Rh8.} 27. Qh6 $1 Rh8 28. Qe3 Rxh3 {White must now prevent ...Bb7.} 29. Kg2 Rc3 {[#]} (29... Rh4 $16 {was necessary.}) 30. Qxa7 $2 ({Stronger than} 30. Kxh3 Rxe3 31. fxe3 Qc3 $15) ({Only move:} 30. Qe4 $1 $18 Rh4 31. Rh1) 30... Rcxf3 31. Qb8+ $2 {[%mdl 8192]} (31. Qa8+ $11 {and White is okay.} Kc7 32. exf3) 31... Bc8 $19 {And now ...Qc6! would win.} 32. Rad1 $2 {[#]} (32. Rab1 Qc6 33. Qb6+ Qxb6 34. Rxb6 Rxa3 35. f3) 32... Qc6 $1 {[%csl Gh3][%cal Rf3g3][%mdl 512]} 33. e4 Qc7 $2 (33... Qe6 34. Qg3 Rfxg3+ 35. fxg3 Qxg4) 34. Qxc7+ Kxc7 35. Rd4 Rc3 36. Rb1 (36. f3 $142 Rh8 37. Rfd1) 36... Rhf3 37. Ra4 Rf4 {Black is clearly winning.} 38. Ra7+ Kd8 39. Rh1 Rxg4+ 40. Kf1 Rxe4 {Precision: White = 33%, Black = 61%.} 0-1

[Event "RUS-ch Rapid Men 2018"]
[Site "Sochi"]
[Date "2018.10.06"]
[Round "6"]
[White "Inozemtsev, Sergei"]
[Black "Maletin, Pavel"]
[Result "0-1"]
[WhiteElo "2310"]
[BlackElo "2586"]
[Annotator "TA"]
[PlyCount "113"]
[EventDate "2018.10.05"]
[EventType "swiss"]
[EventCountry "RUS"]
[SourceTitle "playchess.com"]
[Source "ChessBase"]
[SourceQuality "1"]

{[%evp 23,113,31,32,22,30,18,42,30,31,22,28,26,41,32,33,30,43,9,27,0,0,0,0,0,25,0,0,0,0,0,16,16,22,23,29,31,22,24,44,31,33,31,30,33,40,41,37,25,25,25,27,9,26,11,19,6,58,22,45,0,67,0,0,0,79,-104,-108,-115,-86,-118,-66,-264,-244,-603,-592,-773,-781,-751,-751,-807,-810,-742,-797,-740,-722,-4814,-2914,-29982,-29983,-29993,-29994,-29994]} 1. e4 c5 2. Nf3 d6 3. Bb5+ Nd7 4. d4 cxd4 5. Qxd4 a6 6. Bxd7+ Bxd7 7. Nc3 e5 8. Qd3 h6 9. Nd2 Nf6 10. Nc4 Be6 11. Ne3 {B51: Sicilian: Moscow Variation (3 Bb5+) without 3...Bd7} Be7 12. O-O Rc8 {LiveBook: 24 Games} 13. Bd2 {White is slightly better.} O-O 14. a4 Rc5 15. Rfd1 Qc8 {[#]} 16. b3 $146 Rd8 17. Ncd5 Bxd5 18. exd5 Qd7 19. Bb4 Rcc8 20. c4 g6 21. Bd2 Nh5 22. Nf1 Bg5 23. Ng3 Nxg3 24. hxg3 Bxd2 25. Qxd2 Kg7 26. a5 Re8 27. Rac1 {[%cal Ba1c1,Bc1c2,Bc2e2,Be2e4][%mdl 32]} Rc7 28. Re1 Qg4 29. Qb4 Rd7 30. Qc3 Rc8 31. Rc2 Re7 32. Rce2 f6 33. Qb4 Rc5 34. Qb6 Qd7 35. Re4 (35. g4 {looks sharper.} Qc7 36. Ra1 g5 37. f3 Kg6 38. Kf2) 35... Qc7 36. Qxc7 Rexc7 $11 {[%mdl 4096] Endgame KRR-KRR} 37. Ra1 $1 f5 38. Ree1 Kf6 39. f4 g5 (39... Re7 $11) 40. Kf2 Re7 41. Kf3 Rc8 ({Better is} 41... e4+ $11 42. Kf2 Rc8) 42. Ra4 (42. fxe5+ $14 dxe5 43. Ke3) 42... gxf4 43. gxf4 Rg8 (43... Rg7 $11 {remains equal.}) 44. fxe5+ $2 (44. Rb4 $1 $16) 44... dxe5 $17 {[%cal Bd6e5,Be5e4,Be4e3][%mdl 32]} 45. Rb4 e4+ 46. Kf2 Reg7 (46... Ke5 $17 47. Rh1 Reg7) 47. Rg1 $2 (47. Rb6+ $15 Ke5 48. Re6+ Kd4 49. Rd1+ Kc3 50. Ke3) 47... f4 $19 {[%cal Bf5f4,Bf4f3,Bf3f2][%mdl 32]} 48. Rb6+ $2 (48. g4 Ke5 49. Rb6) 48... Kf5 $1 49. Rxh6 {[#]} e3+ $1 50. Kf1 f3 51. Re6 {[#]} f2 $1 {[%cal Rf2g1]} 52. g4+ Kf4 53. Rf6+ Ke4 54. Re6+ Kd4 55. Rg3 Rxg4 56. Rgxe3 Rf8 57. Ke2 {Precision: White = 44%, Black = 68%.} 0-1

[Event "RUS-ch Rapid Men 2018"]
[Site "Sochi"]
[Date "2018.10.06"]
[Round "6"]
[White "Alexeev, Alexey"]
[Black "Sviridov, Valery"]
[Result "1-0"]
[WhiteElo "2287"]
[BlackElo "2551"]
[Annotator "TA"]
[PlyCount "49"]
[EventDate "2018.10.05"]
[EventType "swiss"]
[EventCountry "RUS"]
[SourceTitle "playchess.com"]
[Source "ChessBase"]
[SourceQuality "1"]

{[%evp 14,49,41,20,18,6,1,-2,0,-24,-8,-18,0,-6,0,0,0,-8,0,0,0,0,0,0,21,0,14,0,0,0,0,0,0,6,189,171,1977,1998]} 1. e4 {[%cal Be2e4,Be4e5][%mdl 32]} Nf6 2. Nc3 d6 3. d4 c6 4. f4 Qa5 5. e5 Nd5 (5... Ne4 6. Bd3 Nxc3 7. bxc3 Qxc3+ 8. Bd2 Qxd4 9. Nf3 Qc5 10. Rb1 dxe5 11. Nxe5 Nd7 12. Nxd7 Bxd7 13. Rxb7 Rd8 {1-0 (25) Motylev,A (2668)-Levin,E (2532) Sochi 2017}) 6. Bd2 {B07: Pirc Defence: Miscellaneous Systems} Qb6 7. Nxd5 cxd5 8. Bc3 {LiveBook: 3 Games. White is slightly better.} Nc6 9. Qd2 Bf5 10. Nf3 e6 11. Be2 Be7 12. O-O Rc8 $146 ({Predecessor:} 12... O-O 13. a3 a5 14. Bd3 {½-½ (85) Strnad,A (1915)-Gspahn,T (1604) Germany 2010}) 13. a3 O-O 14. Kh1 a6 15. Rae1 {[%cal Ba1e1,Be1e3,Be3h3][%mdl 32]} Qc7 16. Bd3 Bxd3 17. Qxd3 dxe5 18. fxe5 b5 19. Re3 Na5 20. Bxa5 Qxa5 21. c3 Qc7 22. Nd2 a5 23. Rh3 {[%csl Gh3][%cal Rd3h7]} ({Much worse is} 23. Qxb5 Rb8 $17) 23... g6 $2 {[#]} (23... h6 $11 {and Black is okay.}) 24. Qe3 $1 $18 {[%cal Re3h6]} ({Stronger than} 24. Qxb5 Rb8 $11) 24... Bd8 $2 (24... f6) 25. Rf6 {Precision: White = 53%, Black = 24%.} ({Worse is} 25. Qh6 f5 $11) 1-0

[Event "RUS-ch Rapid Men 2018"]
[Site "Sochi"]
[Date "2018.10.06"]
[Round "6"]
[White "Jary, Sergey"]
[Black "Gabrielian, Artur"]
[Result "1/2-1/2"]
[WhiteElo "2286"]
[BlackElo "2499"]
[Annotator "TA"]
[PlyCount "66"]
[EventDate "2018.10.05"]
[EventType "swiss"]
[EventCountry "RUS"]
[SourceTitle "playchess.com"]
[Source "ChessBase"]
[SourceQuality "1"]

{[%evp 24,66,22,31,50,22,35,17,17,20,61,53,55,23,32,0,0,0,8,0,0,0,8,1,4,1,6,0,0,0,0,0,0,0,0,0,0,0,12,0,0,0,0,0,0]} 1. d4 Nf6 2. g3 e6 3. Bg2 c5 4. Nf3 cxd4 5. O-O d5 6. Nxd4 Be7 7. c4 O-O 8. cxd5 Nxd5 9. e4 Nb4 10. Nc3 N8c6 11. Be3 Nxd4 12. Bxd4 Nc6 13. Be3 {LiveBook: 15 Partien} b6 {D02: Damenbauernspiele} (13... Qa5 14. Qb3 b6 15. Rfd1 Ba6 16. Rd7 Bc5 17. Bxc5 bxc5 18. Qa4 Qb6 19. Rad1 Ne5 20. R7d6 Qxb2 21. Qb3 Qxb3 22. axb3 {½-½ (34) Matlakov,M (2709)-Esipenko,A (2571) Moscow 2018}) 14. e5 Bb7 15. Qxd8 $146 (15. Qe2 {looks sharper.} Qc7 16. f4 Rac8 17. Rad1 Na5 18. Nb5) ({Vorgänger:} 15. Qe2 Qb8 16. f4 Nb4 17. Rfd1 Bxg2 18. Qxg2 Rd8 19. a3 Na6 20. Nb5 Bc5 21. Bxc5 Nxc5 22. b4 Na6 23. Rac1 Rxd1+ 24. Rxd1 Qc8 25. Nd6 {1-0 (25) Drescher,W-Berndt,K DDR 1989}) 15... Rfxd8 16. Rfd1 Na5 17. Bxb7 Nxb7 18. Rxd8+ Rxd8 19. Rd1 Rxd1+ {Die Stellung ist ausgeglichen.} 20. Nxd1 $11 {[%mdl 4096] Endspiel KLS-KLS} Na5 21. Kg2 Kf8 22. f4 h5 23. Kf3 Ke8 24. Nc3 Kd7 25. Ke4 Nc4 26. Bc1 f5+ 27. Kd3 Na5 28. a3 Nb3 29. Be3 Kc6 30. Kc2 Na5 31. Kd3 Nb3 32. Kc2 Na5 33. Kd3 Nb3 {Precision: Weiß = 37%, Schwarz = 62%.} 1/2-1/2

[Event "RUS-ch Rapid Men 2018"]
[Site "Sochi"]
[Date "2018.10.06"]
[Round "6"]
[White "Miroshnichenko, Pavel"]
[Black "Usmanov, Vasily"]
[Result "1/2-1/2"]
[WhiteElo "2275"]
[BlackElo "2453"]
[Annotator "ChessBase"]
[PlyCount "104"]
[EventDate "2018.10.05"]
[EventType "swiss"]
[EventCountry "RUS"]
[SourceTitle "playchess.com"]
[Source "ChessBase"]
[SourceQuality "1"]
[TimeControl "900+10"]

1. Nf3 {[%emt 0:00:00]} d5 {[%emt 0:00:00]} 2. e3 {[%emt 0:00:00]} Bg4 {[%emt 0:00:20]} 3. c4 {[%emt 0:00:00]} dxc4 {[%emt 0:00:02]} 4. Bxc4 {[%emt 0:00:00]} e6 {[%emt 0:00:04]} 5. h3 {[%emt 0:00:00]} Bh5 {[%emt 0:00:06]} 6. O-O {[%emt 0:00:02]} Nc6 {[%emt 0:00:08]} 7. d4 {[%emt 0:01:44]} a6 {[%emt 0:00:05]} 8. Be2 {[%emt 0:00:20]} Nf6 {[%emt 0:00:03]} 9. b3 {[%emt 0:00:08]} Bd6 {[%emt 0:00:01]} 10. Bb2 {[%emt 0:00:03]} O-O {[%emt 0:00:02]} 11. Nbd2 {[%emt 0:00:02]} Qe8 {[%emt 0:00:07]} 12. Nc4 {[%emt 0:00:48]} Rd8 {[%emt 0:00:02]} 13. Nfd2 {[%emt 0:00:55]} Bxe2 {[%emt 0:02:13]} 14. Qxe2 {[%emt 0:00:02]} e5 {[%emt 0:00:05]} 15. dxe5 {[%emt 0:00:08]} Nxe5 {[%emt 0:00:09]} 16. Nxd6 {[%emt 0:00:05]} cxd6 {[%emt 0:00:13]} 17. Nc4 {[%emt 0:00:38]} Qe6 {[%emt 0:00:34]} 18. Rac1 {[%emt 0:01:16]} Rc8 {[%emt 0:00:21]} 19. Rfd1 {[%emt 0:00:28]} Rfd8 {[%emt 0:01:43]} 20. Bd4 {[%emt 0:02:16]} Nxc4 {[%emt 0:00:53]} 21. Rxc4 {[%emt 0:00:03]} Rxc4 {[%emt 0:00:03]} 22. Qxc4 {[%emt 0:00:03]} Qxc4 {[%emt 0:01:01]} 23. bxc4 {[%emt 0:00:01]} Ne8 {[%emt 0:00:03]} 24. Rb1 {[%emt 0:01:17]} Rd7 {[%emt 0:00:02]} 25. Kf1 {[%emt 0:00:07]} f6 {[%emt 0:01:20]} 26. Ke2 {[%emt 0:00:06]} Kf7 {[%emt 0:00:01]} 27. f4 {[%emt 0:01:01]} g6 {[%emt 0:00:09]} 28. g4 {[%emt 0:00:04]} Ng7 {[%emt 0:00:15]} 29. e4 {[%emt 0:01:58]} Ne6 {[%emt 0:00:13]} 30. Be3 {[%emt 0:00:02]} h6 {[%emt 0:04:36]} 31. h4 {[%emt 0:01:39]} g5 {[%emt 0:00:54]} 32. f5 {[%emt 0:00:18]} Nd8 {[%emt 0:00:07]} 33. Rh1 {[%emt 0:01:18]} Kg7 {[%emt 0:01:12]} 34. hxg5 {[%emt 0:00:02]} hxg5 {[%emt 0:00:01]} 35. Rd1 {[%emt 0:00:18]} Nf7 {[%emt 0:00:16]} 36. c5 {[%emt 0:00:15]} Ne5 {[%emt 0:01:01]} 37. Rxd6 {[%emt 0:00:17]} Re7 {[%emt 0:01:01]} 38. Bd4 {[%emt 0:00:29]} Nxg4 {[%emt 0:00:03]} 39. Kf3 {[%emt 0:00:07]} Ne5+ {[%emt 0:00:11]} 40. Bxe5 {[%emt 0:00:07]} Rxe5 {[%emt 0:00:02]} 41. Rd7+ {[%emt 0:00:16]} Kh6 {[%emt 0:00:29]} 42. Rd5 {[%emt 0:01:19]} g4+ {[%emt 0:01:13]} 43. Kf4 {[%emt 0:00:02]} g3 {[%emt 0:00:02]} 44. Rd6 {[%emt 0:00:51]} Kg7 {[%emt 0:00:25]} 45. Rd7+ {[%emt 0:00:07]} Kf8 {[%emt 0:00:15]} 46. Rxb7 {[%emt 0:00:09]} g2 {[%emt 0:00:09]} 47. Rb1 {[%emt 0:00:05]} Rxc5 {[%emt 0:00:04]} 48. Rg1 {[%emt 0:00:57]} Rc2 {[%emt 0:00:02]} 49. a4 {[%emt 0:00:01]} Ke7 {[%emt 0:00:02]} 50. Kf3 {[%emt 0:00:22]} Rc3+ {[%emt 0:00:42]} 51. Kf4 {[%emt 0:00:08]} Rc2 {[%emt 0:00:06]} 52. Kf3 {[%emt 0:00:01]} Rc3+ {[%emt 0:00:03]} 1/2-1/2

[Event "RUS-ch Rapid Men 2018"]
[Site "Sochi"]
[Date "2018.10.06"]
[Round "6"]
[White "Taysayev, Timur"]
[Black "Gutenev, Alexander"]
[Result "0-1"]
[WhiteElo "2225"]
[BlackElo "2456"]
[Annotator "ChessBase"]
[PlyCount "108"]
[EventDate "2018.10.05"]
[EventType "swiss"]
[EventCountry "RUS"]
[SourceTitle "playchess.com"]
[Source "ChessBase"]
[SourceQuality "1"]
[TimeControl "900+10"]

1. e4 {[%emt 0:00:00]} c5 {[%emt 0:00:00]} 2. Nf3 {[%emt 0:00:00]} Nc6 {[%emt 0:00:00]} 3. d4 {[%emt 0:00:00]} cxd4 {[%emt 0:00:00]} 4. Nxd4 {[%emt 0:00:00]} Nf6 {[%emt 0:00:00]} 5. Nc3 {[%emt 0:00:01]} d6 {[%emt 0:00:00]} 6. Bc4 {[%emt 0:00:03]} e6 {[%emt 0:00:00]} 7. Be3 {[%emt 0:00:02]} a6 {[%emt 0:00:00]} 8. Qe2 {[%emt 0:00:03]} Qc7 {[%emt 0:00:01]} 9. Bb3 {[%emt 0:00:05]} Be7 {[%emt 0:00:06]} 10. O-O-O {[%emt 0:00:03]} Na5 {[%emt 0:00:02]} 11. g4 {[%emt 0:00:19]} b5 {[%emt 0:00:01]} 12. g5 {[%emt 0:00:03]} Nxb3+ {[%emt 0:00:02]} 13. axb3 {[%emt 0:00:02]} Nd7 {[%emt 0:00:01]} 14. Nf5 {[%emt 0:01:38]} exf5 {[%emt 0:00:07]} 15. Nd5 {[%emt 0:00:01]} Qd8 {[%emt 0:00:02]} 16. exf5 {[%emt 0:00:06]} Kf8 {[%emt 0:01:46]} 17. f6 {[%emt 0:02:29]} Bxf6 {[%emt 0:02:19]} 18. gxf6 {[%emt 0:00:19]} Nxf6 {[%emt 0:00:02]} 19. Bg5 {[%emt 0:05:19]} Qe8 {[%emt 0:02:49]} 20. Qf3 {[%emt 0:02:53]} Nxd5 {[%emt 0:01:12]} 21. Qxd5 {[%emt 0:00:19]} Be6 {[%emt 0:00:28]} 22. Qxd6+ {[%emt 0:00:10]} Kg8 {[%emt 0:00:03]} 23. Rhg1 {[%emt 0:00:17]} Bf5 {[%emt 0:01:45]} 24. Rge1 {[%emt 0:01:41]} Qc8 {[%emt 0:00:03]} 25. Qd8+ {[%emt 0:00:40]} Qxd8 {[%emt 0:00:03]} 26. Rxd8+ {[%emt 0:00:01]} Rxd8 {[%emt 0:00:01]} 27. Bxd8 {[%emt 0:00:01]} Be6 {[%emt 0:00:53]} 28. f4 {[%emt 0:00:28]} h5 {[%emt 0:00:13]} 29. Re5 {[%emt 0:00:20]} Rh6 {[%emt 0:01:10]} 30. f5 {[%emt 0:01:19]} Bd7 {[%emt 0:00:04]} 31. c4 {[%emt 0:00:49]} Rc6 {[%emt 0:01:28]} 32. c5 {[%emt 0:00:03]} Rc8 {[%emt 0:00:09]} 33. Bh4 {[%emt 0:00:21]} f6 {[%emt 0:00:30]} 34. Rd5 {[%emt 0:00:06]} Bc6 {[%emt 0:00:01]} 35. Rd6 {[%emt 0:00:04]} a5 {[%emt 0:00:34]} 36. Kd2 {[%emt 0:00:06]} Be4 {[%emt 0:00:31]} 37. Bf2 {[%emt 0:00:11]} Bxf5 {[%emt 0:00:11]} 38. Ra6 {[%emt 0:00:00]} Rd8+ {[%emt 0:00:08]} 39. Ke3 {[%emt 0:00:07]} Rd3+ {[%emt 0:00:37]} 40. Kf4 {[%emt 0:00:41]} Bg4 {[%emt 0:00:05]} 41. Ke4 {[%emt 0:00:18]} Rxb3 {[%emt 0:00:04]} 42. Rxa5 {[%emt 0:00:07]} Rxb2 {[%emt 0:00:07]} 43. Bg3 {[%emt 0:00:11]} b4 {[%emt 0:00:16]} 44. Kd4 {[%emt 0:00:12]} b3 {[%emt 0:00:26]} 45. Kc3 {[%emt 0:00:03]} Rb1 {[%emt 0:00:07]} 46. Rb5 {[%emt 0:00:05]} Be6 {[%emt 0:00:06]} 47. Rb6 {[%emt 0:00:14]} Kf7 {[%emt 0:00:07]} 48. c6 {[%emt 0:00:16]} Rc1+ {[%emt 0:00:11]} 49. Kd2 {[%emt 0:00:09]} Rc2+ {[%emt 0:00:05]} 50. Kd3 {[%emt 0:00:09]} Bf5+ {[%emt 0:00:07]} 51. Kd4 {[%emt 0:00:01]} b2 {[%emt 0:00:13]} 52. c7 {[%emt 0:00:08]} h4 {[%emt 0:02:02]} 53. Bxh4 {[%emt 0:00:05]} Rxh2 {[%emt 0:00:04]} 54. Be1 {[%emt 0:00:11]} Rh1 {[%emt 0:00:33]} 0-1

[Event "RUS-ch Rapid Men 2018"]
[Site "Sochi"]
[Date "2018.10.06"]
[Round "6"]
[White "Mikhailovsky, Vladimir"]
[Black "Shcherbakov, Ruslan"]
[Result "0-1"]
[WhiteElo "2185"]
[BlackElo "2516"]
[Annotator "ChessBase"]
[PlyCount "72"]
[EventDate "2018.10.05"]
[EventType "swiss"]
[EventCountry "RUS"]
[SourceTitle "playchess.com"]
[Source "ChessBase"]
[SourceQuality "1"]
[TimeControl "900+10"]

1. Nf3 {[%emt 0:02:44]} Nf6 {[%emt 0:00:11]} 2. g3 {[%emt 0:00:02]} b5 {[%emt 0:00:04]} 3. Bg2 {[%emt 0:00:02]} Bb7 {[%emt 0:00:01]} 4. Na3 {[%emt 0:00:02]} a6 {[%emt 0:00:26]} 5. c4 {[%emt 0:00:02]} e5 {[%emt 0:01:14]} 6. cxb5 {[%emt 0:00:21]} Bxa3 {[%emt 0:00:09]} 7. bxa3 {[%emt 0:00:03]} axb5 {[%emt 0:00:08]} 8. O-O {[%emt 0:00:07]} d6 {[%emt 0:00:17]} 9. d4 {[%emt 0:00:57]} e4 {[%emt 0:01:24]} 10. Nh4 {[%emt 0:00:22]} O-O {[%emt 0:00:21]} 11. Qb3 {[%emt 0:00:43]} Bd5 {[%emt 0:02:15]} 12. Qxb5 {[%emt 0:01:06]} Nc6 {[%emt 0:00:01]} 13. Qb2 {[%emt 0:00:49]} Qd7 {[%emt 0:01:46]} 14. h3 {[%emt 0:02:41]} Ra4 {[%emt 0:00:35]} 15. Rd1 {[%emt 0:01:28]} h6 {[%emt 0:01:55]} 16. Bf1 {[%emt 0:01:41]} Be6 {[%emt 0:01:23]} 17. g4 {[%emt 0:02:01]} Rb8 {[%emt 0:00:11]} 18. Qc3 {[%emt 0:01:38]} Nd5 {[%emt 0:00:11]} 19. Qg3 {[%emt 0:00:03]} Nxd4 {[%emt 0:03:33]} 20. Rd2 {[%emt 0:00:32]} g5 {[%emt 0:01:30]} 21. Ng2 {[%emt 0:00:09]} f5 {[%emt 0:00:06]} 22. Bb2 {[%emt 0:00:46]} f4 {[%emt 0:00:01]} 23. Qh2 {[%emt 0:00:00]} c5 {[%emt 0:00:04]} 24. Rad1 {[%emt 0:00:06]} Qa7 {[%emt 0:00:03]} 25. h4 {[%emt 0:00:05]} Qg7 {[%emt 0:00:10]} 26. Kh1 {[%emt 0:00:28]} Bxg4 {[%emt 0:00:21]} 27. f3 {[%emt 0:00:19]} Bf5 {[%emt 0:00:07]} 28. Qg1 {[%emt 0:00:06]} e3 {[%emt 0:00:04]} 29. Bxd4 {[%emt 0:00:16]} cxd4 {[%emt 0:00:03]} 30. Rd3 {[%emt 0:00:06]} Bxd3 {[%emt 0:00:03]} 31. Rxd3 {[%emt 0:00:01]} Rb1 {[%emt 0:00:04]} 32. Kh2 {[%emt 0:00:16]} Nc3 {[%emt 0:00:17]} 33. Qh1 {[%emt 0:00:17]} gxh4 {[%emt 0:00:14]} 34. Rxc3 {[%emt 0:00:09]} dxc3 {[%emt 0:00:18]} 35. Kg1 {[%emt 0:00:01]} Qg3 {[%emt 0:00:12]} 36. Qxh4 {[%emt 0:00:03]} Qxh4 {[%emt 0:00:04]} 0-1

[Event "RUS-ch Rapid Men 2018"]
[Site "Sochi"]
[Date "2018.10.06"]
[Round "7"]
[White "Dubov, Daniil"]
[Black "Morozevich, Alexander"]
[Result "0-1"]
[WhiteElo "2703"]
[BlackElo "2656"]
[Annotator "TA"]
[PlyCount "94"]
[EventDate "2018.10.05"]
[EventType "swiss"]
[EventCountry "RUS"]
[SourceTitle "playchess.com"]
[Source "ChessBase"]
[SourceQuality "1"]

{[%evp 18,94,15,14,8,9,14,14,22,16,12,15,35,37,39,32,28,21,40,25,12,9,30,29,24,0,0,0,26,33,64,51,50,0,0,0,51,29,57,57,59,9,22,3,0,15,0,14,6,0,0,0,0,-22,0,-115,-52,-197,-195,-212,-229,-229,-210,-266,-275,-256,-256,-519,-487,-538,-493,-661,-654,-1741,-1624,-1559,-999,-1327,-1753]} 1. Nf3 d5 2. e3 Nf6 3. c4 c6 4. Nc3 a6 5. d4 b5 6. c5 {D15: Slav Defence: 4 Nc3 a6 and gambit lines after 4 Nc3 dxc4} g6 7. h3 Bg7 8. Bd3 O-O 9. O-O Nbd7 10. Re1 {LiveBook: 6 Games} Re8 11. e4 {Black must now prevent e5.} b4 12. Na4 $1 {Threatening e5.} dxe4 13. Bxe4 Nxe4 14. Rxe4 {[#]} a5 $146 15. Bg5 h6 16. Bf4 Ba6 17. Qc2 Nf6 18. Ree1 Nd5 19. Be5 Bf8 20. Rad1 Bb5 21. Bh2 Bg7 22. Be5 Bf8 23. Re4 Ra7 24. Nb6 e6 25. Nc4 (25. Rg4 {with more complications.} a4 26. Rg3 Ne7 27. d5 Nxd5 28. Nd4) 25... Bxc4 26. Qxc4 f6 (26... a4 $11) 27. Bh2 g5 28. Rde1 Qc8 29. Bd6 Bxd6 30. cxd6 Qd7 31. Qc5 Rb7 32. h4 Rb5 33. Qc2 Qxd6 34. hxg5 hxg5 35. Rg4 {Nxg5! is the strong threat.} Ne7 36. Re5 {[#]} (36. Nd2 $1 $11 Rf5 37. Nc4) 36... Rf8 (36... fxe5 37. Rxg5+ Kf8 38. Qh7 Reb8 39. Qh8+ Kf7 40. Rg7+ Kf6 41. Qh6+ Kf5 42. Qh4 exd4 43. Rf7+ Kg6 44. Qh7#) (36... b3 $6 37. Qc1 $11) ({Black should play} 36... Nf5 $1 $17 37. Re1 Rb7) 37. Qe2 {[#]} ({Much weaker is} 37. Nxg5 fxg5 38. Qe2 Kf7 $17) ({Better is} 37. Re1 $15 Nf5 38. Rge4) 37... Kf7 $1 $19 ({Don't play} 37... fxe5 38. Nxg5 Qd7 39. Nf3+ Kf7 40. Nxe5+ Rxe5 41. Qxe5 $17) 38. Nxg5+ fxg5 39. Rgxg5 {aiming for Qh5+.} Rh8 40. Rh5 Rxh5 ({Avoid the trap} 40... Qxd4 $2 41. Qf3+ Kg7 42. Rxh8 $18) 41. Qxh5+ Ng6 {[%cal Rb5e5]} 42. Qh7+ $2 (42. Rxb5 {was worth a try.} cxb5 43. Qxb5) 42... Kf6 {Black is clearly winning.} 43. Re4 Rg5 44. f4 Rf5 45. Qh6 Rxf4 46. Rxf4+ Qxf4 47. Qh7 Qxd4+ {Precision: White = 48%, Black = 67%.} 0-1

[Event "RUS-ch Rapid Men 2018"]
[Site "Sochi"]
[Date "2018.10.06"]
[Round "7"]
[White "Sjugirov, Sanan"]
[Black "Khanin, Semen"]
[Result "1/2-1/2"]
[WhiteElo "2654"]
[BlackElo "2510"]
[Annotator "TA"]
[PlyCount "99"]
[EventDate "2018.10.05"]
[EventType "swiss"]
[EventCountry "RUS"]
[SourceTitle "playchess.com"]
[Source "ChessBase"]
[SourceQuality "1"]

{[%evp 21,99,12,49,24,27,15,19,17,12,-29,0,-8,0,-49,-18,-27,0,0,0,-3,-8,-14,0,-5,39,39,39,39,38,38,32,32,32,29,31,16,21,22,14,10,34,14,22,10,25,0,0,0,0,0,0,-20,0,0,16,16,10,10,16,8,8,7,7,0,0,0,0,0,7,0,0,0,0,0,0,0,0,0,0,0]} 1. d4 {Hansen,Cu} Nf6 2. c4 e6 3. Nc3 Bb4 4. Qc2 O-O 5. a3 Bxc3+ 6. Qxc3 b6 7. Bg5 Bb7 8. e3 d6 9. f3 Nbd7 10. Nh3 c5 11. dxc5 {E32: Nimzo-Indian: Classical (4 Qc2): 4...0-0} dxc5 {LiveBook: 5 Games} 12. Be2 $146 ({Predecessor:} 12. Bd3 Qc7 13. O-O Rae8 14. Rad1 Bc6 15. Bc2 h6 16. Bh4 e5 17. Nf2 e4 18. f4 b5 {0-1 (71) Van Wely,L (2655)-Timman,J (2625) Merrillville 1997 CBM 062 [Hansen,Cu]}) 12... h6 13. Bf4 {White has an edge.} Qe7 14. Bg3 e5 15. O-O-O Rfe8 (15... b5 $5) 16. Bh4 Nf8 17. Bd3 Rad8 18. Nf2 Ng6 19. Bxg6 fxg6 20. Bg3 e4 21. f4 Rxd1+ 22. Rxd1 Rd8 23. Rxd8+ Qxd8 24. Bh4 Qd6 25. Qd2 Qxd2+ 26. Kxd2 $14 {[%mdl 4096] Endgame KBN-KBN} Kf7 27. Kc3 Ke6 28. g4 Ne8 29. b3 Nd6 30. a4 Bc6 31. h3 Nf7 32. Bg3 Nd6 33. Kc2 a6 {The position is equal.} 34. Nd1 b5 35. cxb5 axb5 36. Nb2 bxa4 37. bxa4 Bb7 38. Be1 Ba6 39. Bc3 Bf1 40. Bxg7 Bxh3 41. Bxh6 Bxg4 42. Bf8 Nb7 43. Nc4 {[#] Black must now prevent a5.} Be2 44. Kc3 Kd5 45. Nd2 Na5 46. Kc2 Bd3+ 47. Kc3 Be2 48. Kc2 Bd3+ 49. Kc3 Be2 50. Kc2 {Precision: White = 55%, Black = 58%.} 1/2-1/2